000 00422nam a22001577a 4500
008 170711b xxu||||| |||| 00| 0 eng d
020 _a972-9018-20-0
080 _a134.3
100 _aLeite.Isabel Coimbra
245 _aPortugues Sem Fronteiras
_cIsabel Coimbra Leite & Olga Mata Coimbra
250 _aS.ed
260 _aLisboa
_bLidel
_c1998
300 _a254
_b
_c
_e
_f
_g
650 _aPortugues
942 _2udc
_cBK
999 _c40060
_d40060